| 000 | 00331nam a2200121Ia 4500 | ||
|---|---|---|---|
| 008 | 230907s9999||||xx |||||||||||||| ||und|| | ||
| 082 |
_a297.07 _bIQB |
||
| 100 |
_aIqbal S. Hussain, Dr _9116199 |
||
| 245 | 4 | _aThe Decline of the Muslim Ummah / | |
| 260 |
_aServices Book Club, _bRawalpindi : _c2007 |
||
| 300 | _a464 p. | ||
| 942 | _cBK | ||
| 999 |
_c601612 _d601612 |
||